Domestic medicine: or, A treatise on the prevention and cure of diseases, by regimen and simple medicines : With an appendix, containing a dispensatory for the use of private practitioners. By William Buchan, M.D. Fellow of the Royal College of Physicians, Edinburgh: Revise and adapted to the diseases and climate of the United States of America, by Samuel Powel Griffitts, M.D. professor of materia medica in the University of Pennsylvania.

Bibliographic Details
Main Author: Buchan, William, 1729-1805
Corporate Author: Gale (Firm)
Format: eBook
Language:English
Subjects:
Online Access:Connect to the full text of this electronic book

MARC

Tag First Indicator Second Indicator Subfields
LEADER 00000cam a2200000 4500
001 in00003877832
005 20190415192618.0
006 m o d
007 cr |n||||||||n
008 811201s1795 xxu|||| o 00| | eng c
035 |a (CU-RivES)W20250 
035 |z (CU-RivES)T151606 
035 |a (Uk-ES)006438136 
035 |a (OCoLC)511069732 
040 |a MWA  |c MWA  |d CU-RivES  |d CStRLIN  |d Cengage Gale  |d UtOrBLW 
050 4 |a Z1215  |b .B834 1795 
100 1 |a Buchan, William,  |d 1729-1805. 
240 1 0 |a Domestic medicine 
245 1 0 |a Domestic medicine: or, A treatise on the prevention and cure of diseases, by regimen and simple medicines :  |b With an appendix, containing a dispensatory for the use of private practitioners. By William Buchan, M.D. Fellow of the Royal College of Physicians, Edinburgh: Revise and adapted to the diseases and climate of the United States of America, by Samuel Powel Griffitts, M.D. professor of materia medica in the University of Pennsylvania. 
264 3 |a Philadelphia :  |b Printed by Thomas Dobson, at the stone house numbers 41, South Second-Street,  |c 1795. 
300 |a 1 online resource (xxxi, 1 unnumbered page, 757, 3 unnumbered pages)  
336 |a text  |b txt  |2 rdacontent 
337 |a computer  |b c  |2 rdamedia 
338 |a online resource  |b cr  |2 rdacarrier 
500 |a Preface by Samuel Powel Griffitts. 
500 |a Errata statement, pages 757. 
500 |a Bookseller's advertisement, pages [759-760]. 
509 |a Signatures: a-b⁸ B-2T⁸ 2U-3I⁴ 
510 4 |a Evans,  |c 28366 
510 4 |a Austin, R.B. Early Amer. medical imprints,  |c 317 
510 4 |a English Short Title Catalog,  |c W20250. 
500 |a Reproduction of original from Library of Congress. 
500 |a Electronic resource. 
650 0 |a Medicine, Popular  |z Great Britain  |v Early works to 1800. 
655 7 |a Electronic books.  |2 local 
710 2 |a Gale (Firm)  |0 http://id.loc.gov/authorities/names/no2008071348 
752 |a United States  |b Pennsylvania  |d Philadelphia. 
856 4 0 |u http://proxy.library.tamu.edu/login?url=http://find.galegroup.com/ecco/infomark.do?contentSet=ECCOArticles&docType=ECCOArticles&bookId=1466400200&type=getFullCitation&tabID=T001&prodId=ECCO&docLevel=TEXT_GRAPHICS&version=1.0&source=library&userGroupName=txshracd2898  |z Connect to the full text of this electronic book  |t 0 
999 f f |s 20dc85e9-bd65-378b-8f2a-99929be38f33  |i 3baca359-a5ee-30a9-967f-d719e3bfb93d  |t 0 
952 f f |a Texas A&M University  |b College Station  |c Electronic Resources  |d Available Online  |t 0  |e Z1215 .B834 1795  |h Library of Congress classification 
998 f f |a Z1215 .B834 1795  |t 0  |l Available Online